| 000 | 00365pab a2200133 454500 | ||
|---|---|---|---|
| 008 | 180718b xxu||||| |||| 00| 0 eng d | ||
| 100 | _aHussain Basheer | ||
| 245 | _aGlut of crutches: flaws in Karnataka order | ||
| 362 | _a28 Jul 1994, p.8 | ||
| 650 | _a Reservation -- Policy -- India | ||
| 650 | _aBackward Classes -- India | ||
| 773 | _aStatesman | ||
| 909 | _a27122 | ||
| 999 |
_c27122 _d27122 |
||